Normal view
MARC view
Entry Personal Name
001 - CONTROL NUMBER
- control field: 17758
003 - CONTROL NUMBER IDENTIFIER
- control field: dpl
005 - DATE AND TIME OF LATEST TRANSACTION
- control field: 20100831152006.0
008 - FIXED-LENGTH DATA ELEMENTS
- fixed length control field: 100831|||a|||||| | ||| d
040 ## - CATALOGING SOURCE
- Original cataloging agency: dpl
- Transcribing agency: dpl
100 ## - HEADING--PERSONAL NAME
- Personal name: Saigal, K. L.
670 ## - SOURCE DATA FOUND
- Source citation: Work cat.: (dpl)43167: Saigal, K. L., Mein unehin chherun aur vo kucch na kahen gazal part 1
670 ## - SOURCE DATA FOUND
- Source citation: Work cat.: (dpl)43167: Saigal, K. L., Mein unehin chherun aur vo kucch na kahen gazal part 1
